[Event "Rottach Egern Seniors Cup 12th"]
[Site "Rottach Egern"]
[Date "2024.04.08"]
[Round "3"]
[White "Krueger, Antje Christine"]
[Black "Kirchhof, Manfred"]
[Result "1-0"]
[WhiteElo "1771"]
[BlackElo "1662"]
[PlyCount "52"]
[EventDate "2024.04.06"]
[EventType "swiss"]
[EventRounds "9"]
[EventCountry "GER"]
[SourceTitle "CB16_2024"]
[SourceDate "2024.04.17"]
[SourceVersion "1"]
[SourceVersionDate "2024.04.17"]
[SourceQuality "1"]

1. e4 e6 2. Nf3 c5 3. d4 cxd4 4. Nxd4 Nc6 5. Be3 d6 6. Nc3 Be7 7. Bd3 Nxd4 8. Bxd4 Bf6 9. e5 Bg5 10. Ne2 Ne7 11. f4 Bh6 12. g4 g6 13. g5 Bg7 14. Qd2 b6 15. Be4 Rb8 16. 0-0-0 Bb7 17. Ng3 Bxe4 18. Nxe4 0-0 19. h4 Nf5 20. Bc3 Rb7 21. h5 gxh5 22. Rxh5 d5 23. Nf6+ Bxf6 24. gxf6 h6 25. Rxh6 Ne7 26. fxe7 Qxe7 1-0

[Event "Bad Wiessee Senioren Cup 8th"]
[Site "Bad Wiessee"]
[Date "2019.05.19"]
[Round "9"]
[White "Ewald, Ruediger"]
[Black "Kirchhof, Manfred"]
[Result "1-0"]
[WhiteElo "1669"]
[BlackElo "1483"]
[PlyCount "67"]
[EventDate "2019.05.11"]
[EventType "swiss"]
[EventRounds "9"]
[EventCountry "GER"]
[SourceTitle "EXT 2020"]
[Source "ChessBase"]
[SourceDate "2019.10.17"]
[SourceVersion "1"]
[SourceVersionDate "2019.10.17"]
[SourceQuality "1"]

1. e4 e6 2. d4 d5 3. exd5 exd5 4. Nf3 Nc6 5. Be2 Nf6 6. 0-0 Be7 7. Re1 0-0 8. b3 a6 9. c4 b6 10. Bb2 Bb7 11. Nbd2 Re8 12. a3 a5 13. Qc2 Bf8 14. Rac1 Rc8 15. Bd3 g6 16. cxd5 Qxd5 17. Bc4 Qd6 18. Rxe8 Rxe8 19. Bb5 Re6 20. Ng5 Re2 21. Bxe2 Nxd4 22. Bxd4 Qxd4 23. Bc4 Bc5 24. Ndf3 Bxf3 25. Nxf3 Qf4 26. Rd1 Ne4 27. Rf1 g5 28. Qe2 g4 29. Ne1 h5 30. Nd3 Qf5 31. Nxc5 bxc5 32. Re1 Nd6 33. Qe5 Qc2 34. Qg5+ 1-0

[Event "Bad Wiessee Senioren Cup 8th"]
[Site "Bad Wiessee"]
[Date "2019.05.18"]
[Round "8"]
[White "Kirchhof, Manfred"]
[Black "Simmon, Norbert"]
[Result "0-1"]
[WhiteElo "1483"]
[BlackElo "1637"]
[PlyCount "54"]
[EventDate "2019.05.11"]
[EventType "swiss"]
[EventRounds "9"]
[EventCountry "GER"]
[SourceTitle "EXT 2020"]
[Source "ChessBase"]
[SourceDate "2019.10.17"]
[SourceVersion "1"]
[SourceVersionDate "2019.10.17"]
[SourceQuality "1"]

1. d4 Nf6 2. Nf3 g6 3. e3 Bg7 4. c4 d6 5. Be2 0-0 6. 0-0 b6 7. Nc3 Bb7 8. b3 c5 9. Bb2 Nc6 10. d5 Nb4 11. Qc1 Na6 12. Rd1 Nc7 13. Qc2 a6 14. a4 Bc8 15. h3 Bf5 16. Bd3 Bxd3 17. Qxd3 Qd7 18. Rd2 Rab8 19. Re2 Rb7 20. Rb1 Rfb8 21. Ba1 b5 22. a5 bxc4 23. bxc4 Rxb1+ 24. Nxb1 Qa4 25. Bc3 e5 26. Nfd2 Qd1+ 27. Kh2 e4 0-1

[Event "Bad Wiessee Senioren Cup 8th"]
[Site "Bad Wiessee"]
[Date "2019.05.14"]
[Round "4"]
[White "Kirchhof, Manfred"]
[Black "Suligoj, Alois"]
[Result "0-1"]
[WhiteElo "1483"]
[BlackElo "1779"]
[PlyCount "78"]
[EventDate "2019.05.11"]
[EventType "swiss"]
[EventRounds "9"]
[EventCountry "GER"]
[SourceTitle "EXT 2020"]
[Source "ChessBase"]
[SourceDate "2019.10.17"]
[SourceVersion "1"]
[SourceVersionDate "2019.10.17"]
[SourceQuality "1"]

1. d4 d5 2. Nf3 g6 3. e3 Nf6 4. c4 e6 5. Nc3 a6 6. cxd5 exd5 7. a3 Bd6 8. Bd3 c6 9. 0-0 Bg4 10. e4 dxe4 11. Nxe4 Nxe4 12. Re1 0-0 13. Bxe4 f5 14. Qb3+ Kh8 15. Bg5 Qc7 16. Bc2 Bxf3 17. Qxf3 Bxh2+ 18. Kf1 Bd6 19. Bh6 Nd7 20. Bxf8 Rxf8 21. Qc3 Kg7 22. Re2 Nf6 23. Rae1 Nd5 24. Qb3 Be7 25. Qg3 f4 26. Qg4 Bf6 27. Re4 Qb6 28. b4 Bxd4 29. Qd7+ Rf7 30. Qe6 Bxf2 31. Qe5+ Rf6 32. R1e2 Be3 33. Bb3 Qd8 34. Bxd5 Qxd5 35. Qxd5 cxd5 36. Re7+ Rf7 37. Re6 Rd7 38. Rc2 Kf7 39. Rb6 Bxb6 0-1

[Event "Bad Wiessee Senioren Cup 8th"]
[Site "Bad Wiessee"]
[Date "2019.05.13"]
[Round "3"]
[White "Moser, Andreas"]
[Black "Kirchhof, Manfred"]
[Result "1/2-1/2"]
[WhiteElo "1724"]
[BlackElo "1483"]
[PlyCount "75"]
[EventDate "2019.05.11"]
[EventType "swiss"]
[EventRounds "9"]
[EventCountry "GER"]
[SourceTitle "EXT 2020"]
[Source "ChessBase"]
[SourceDate "2019.10.17"]
[SourceVersion "1"]
[SourceVersionDate "2019.10.17"]
[SourceQuality "1"]

1. e4 e6 2. d4 d5 3. Nc3 c5 4. exd5 exd5 5. Nf3 Nf6 6. Be2 Be7 7. 0-0 0-0 8. h3 a6 9. Be3 b6 10. Re1 Bb7 11. a3 Nbd7 12. Nh2 h6 13. Bf3 Ne4 14. Nf1 Nxc3 15. bxc3 c4 16. Bf4 Nf6 17. Nd2 Re8 18. Bh2 Qd7 19. Kh1 Bd6 20. Bxd6 Qxd6 21. Rxe8+ Rxe8 22. Nxc4 Qc6 23. Ne3 Qxc3 24. Rb1 Re6 25. Rb3 Qc7 26. Rb1 Qc3 27. Rb3 Qc7 28. Qb1 g6 29. Qc1 h5 30. Qd2 Kg7 31. Rb1 Rd6 32. Rc1 a5 33. Re1 Re6 34. c3 Rd6 35. g4 h4 36. g5 Ne4 37. Bxe4 dxe4 38. Kg1 1/2-1/2

[Event "Arber Seniors op 6th"]
[Site "Bayerisch Eisenstein"]
[Date "2018.07.31"]
[Round "4"]
[White "Krejci, Zdenek"]
[Black "Kirchhof, Manfred"]
[Result "0-1"]
[WhiteElo "1520"]
[BlackElo "1501"]
[PlyCount "62"]
[EventDate "2018.07.28"]
[EventType "swiss"]
[EventRounds "9"]
[EventCountry "GER"]
[SourceTitle "CBM 185 Extra"]
[Source "ChessBase"]
[SourceDate "2018.07.29"]
[SourceVersion "1"]
[SourceVersionDate "2018.07.29"]
[SourceQuality "1"]

1. e4 e6 2. d4 d5 3. e5 c5 4. Nf3 Nc6 5. Nc3 a6 6. Bf4 Nge7 7. Bg5 h6 8. Bxe7 Bxe7 9. Be2 Bd7 10. 0-0 0-0 11. Qd3 Nb4 12. Qe3 Nxc2 13. Qd2 Nxa1 14. Rxa1 c4 15. a3 b5 16. Nd1 Qb6 17. Qe3 b4 18. axb4 Qxb4 19. Ra2 a5 20. h4 f5 21. h5 f4 22. Qc1 a4 23. Qc2 Qb3 24. Qb1 a3 25. Qa1 axb2 26. Qxb2 Rxa2 27. Qxb3 cxb3 28. Bd3 Ra1 29. Kh2 Rxd1 30. Be2 Ra1 31. Nd2 Ra2 0-1

[Event "Arber Seniors op 6th"]
[Site "Bayerisch Eisenstein"]
[Date "2018.07.28"]
[Round "1"]
[White "Kirchhof, Manfred"]
[Black "Hoelting, Siegfried"]
[Result "0-1"]
[WhiteElo "1501"]
[BlackElo "1896"]
[PlyCount "76"]
[EventDate "2018.07.28"]
[EventType "swiss"]
[EventRounds "9"]
[EventCountry "GER"]
[SourceTitle "CBM 185 Extra"]
[Source "ChessBase"]
[SourceDate "2018.07.29"]
[SourceVersion "1"]
[SourceVersionDate "2018.07.29"]
[SourceQuality "1"]

1. d4 d5 2. Nf3 Nf6 3. e3 c6 4. Nbd2 Bf5 5. c4 e6 6. a3 h6 7. b4 dxc4 8. Nxc4 Be7 9. Bb2 0-0 10. Be2 Nbd7 11. 0-0 Rc8 12. Rc1 a6 13. Nce5 Qb6 14. Nc4 Qd8 15. Nce5 Nb6 16. Bd3 Bxd3 17. Qxd3 Nbd5 18. Rc2 Ra8 19. Qb3 Qd6 20. Nc4 Qd8 21. Nce5 Ne4 22. Qd3 Ng5 23. Nxg5 Bxg5 24. Nf3 Bf6 25. Ne5 Nxb4 26. axb4 Bxe5 27. Qe4 Bd6 28. Ba3 a5 29. Rc4 Qe7 30. Rb1 Rfc8 31. Qd3 b5 32. Rcc1 axb4 33. Bb2 Rab8 34. Rc2 e5 35. Rbc1 e4 36. Qe2 Qe6 37. Rxc6 Rxc6 38. Rxc6 Bxh2+ 0-1

[Event "Rheinland Pfalz op Seniors 13th"]
[Site "Neustadt an der Weinstrasse"]
[Date "2015.07.15"]
[Round "6"]
[White "Kirchhof, Manfred"]
[Black "Schumacher, Ursula"]
[Result "0-1"]
[WhiteElo "1586"]
[BlackElo "1616"]
[PlyCount "110"]
[EventDate "2015.07.10"]
[EventType "swiss"]
[EventRounds "7"]
[EventCountry "GER"]
[SourceTitle "EXT 2019"]
[Source "ChessBase"]
[SourceDate "2018.10.10"]
[SourceVersion "1"]
[SourceVersionDate "2018.10.10"]
[SourceQuality "1"]

1. d4 c6 2. Nf3 d5 3. e3 e6 4. Bd3 Nd7 5. 0-0 c5 6. b3 Ne7 7. Nbd2 Ng6 8. c3 Bd6 9. Re1 0-0 10. e4 dxe4 11. Nxe4 Qc7 12. Nxd6 Qxd6 13. Be3 b6 14. Be4 Rb8 15. Qd2 Bb7 16. Bxb7 Rxb7 17. Rad1 Qc6 18. d5 Qxd5 19. Qxd5 exd5 20. Rxd5 Ne7 21. Rd2 f6 22. Red1 Rd8 23. c4 Kf7 24. Bf4 Ke8 25. h3 a6 26. Bd6 Nf5 27. Bh2 Ne7 28. g4 g5 29. Bd6 Nc8 30. Bh2 Kf7 31. Kg2 Ke6 32. Re1+ Kf7 33. Red1 Ke7 34. Rd5 Kf7 35. h4 h6 36. h5 Ne7 37. R5d3 Nc8 38. Ng1 Ke8 39. f4 Kf7 40. fxg5 fxg5 41. Nf3 Ke8 42. Ne5 Ne7 43. Nf3 Nc6 44. Rd6 Ndb8 45. Re6+ Re7 46. Rxe7+ Kxe7 47. Rxd8 Kxd8 48. Ne5 Ke7 49. Nxc6+ Nxc6 50. Bc7 b5 51. cxb5 axb5 52. Kf3 Nd4+ 53. Ke4 Ne6 54. Ke5 Nxc7 55. a4 c4 0-1

[Event "Rheinland Pfalz op Seniors 13th"]
[Site "Neustadt an der Weinstrasse"]
[Date "2015.07.12"]
[Round "3"]
[White "Kirchhof, Manfred"]
[Black "Daitche, Josef"]
[Result "0-1"]
[WhiteElo "1586"]
[BlackElo "1729"]
[PlyCount "148"]
[EventDate "2015.07.10"]
[EventType "swiss"]
[EventRounds "7"]
[EventCountry "GER"]
[SourceTitle "EXT 2019"]
[Source "ChessBase"]
[SourceDate "2018.10.10"]
[SourceVersion "1"]
[SourceVersionDate "2018.10.10"]
[SourceQuality "1"]

1. d4 Nf6 2. c4 d6 3. Nf3 Bg4 4. e3 Nbd7 5. h3 Bh5 6. Nc3 e5 7. Be2 Bxf3 8. Bxf3 c6 9. 0-0 g6 10. b3 Bg7 11. Bb2 0-0 12. Re1 Re8 13. Qc2 h6 14. Rad1 Qc7 15. a4 Nh7 16. e4 exd4 17. Na2 c5 18. b4 Ne5 19. Be2 Rad8 20. f4 Nd7 21. b5 h5 22. Bd3 Bh6 23. Rf1 Ndf8 24. Bc1 Qe7 25. Qf2 b6 26. Qg3 Kh8 27. Rde1 Nd7 28. Re2 Rg8 29. h4 Nhf6 30. Bd2 Ng4 31. Nc1 Bg7 32. Be1 Bf6 33. Qh3 Bg7 34. Qf3 Rdf8 35. g3 f6 36. Bd2 Bh6 37. Nb3 g5 38. Kg2 gxh4 39. Kh3 hxg3 40. Rg1 Nf2+ 41. Kg2 Nxd3 42. Qxh5 Qh7 43. Rh1 Rg6 44. f5 Rg5 45. Bxg5 fxg5 46. Qxh6 Qxh6 47. Rxh6+ Kg7 48. Rg6+ Kf7 49. Rxg5 Nf4+ 50. Kf3 Nxe2 51. Kxe2 Ne5 52. Nd2 Rg8 53. Rxg8 Kxg8 54. Kf1 Nd3 55. Kg2 Nb2 56. Kxg3 Nxa4 57. Kf4 Nc3 58. Kg5 Kf7 59. f6 d3 60. Kf5 Nd1 61. e5 dxe5 62. Kxe5 Nc3 63. Nf3 Nb1 64. Ng5+ Kf8 65. Ke6 d2 66. Nh7+ Kg8 67. f7+ Kxh7 68. f8Q d1Q 69. Qf7+ Kh6 70. Qf6+ Kh5 71. Qf5+ Kh4 72. Qf4+ Qg4+ 73. Qxg4+ Kxg4 74. Kd6 Nd2 0-1

[Event "GER-chB Seniors 26th"]
[Site "Bad Neuenahr"]
[Date "2014.08.11"]
[Round "7"]
[White "Scholz, Werner"]
[Black "Kirchhof, Manfred"]
[Result "1/2-1/2"]
[WhiteElo "1763"]
[BlackElo "1559"]
[PlyCount "88"]
[EventDate "2014.08.05"]
[EventType "swiss"]
[EventRounds "9"]
[EventCountry "GER"]
[SourceTitle "EXT 2018"]
[Source "ChessBase"]
[SourceDate "2017.10.13"]
[SourceVersion "1"]
[SourceVersionDate "2017.10.13"]
[SourceQuality "1"]

1. c4 e5 2. g3 Nf6 3. Bg2 Nc6 4. Nc3 Bb4 5. Nd5 Bc5 6. d3 Nb4 7. Nc3 0-0 8. a3 Nc6 9. b4 Be7 10. Nf3 d6 11. h3 h6 12. 0-0 Qd7 13. Bb2 a6 14. Rc1 b6 15. Nd2 Rb8 16. Nde4 Nxe4 17. dxe4 Bg5 18. e3 Ne7 19. f4 Bf6 20. Nd5 Nxd5 21. exd5 g6 22. Qd2 Re8 23. fxe5 Bxe5 24. e4 Bxb2 25. Qxb2 Re5 26. Rf6 Bb7 27. Rcf1 Rf8 28. Qd2 Kg7 29. Qf4 Qe7 30. h4 Bc8 31. g4 Bd7 32. Kh2 g5 33. hxg5 hxg5 34. Qf3 Rh8+ 35. Kg3 Be8 36. a4 Qd7 37. b5 a5 38. Qe3 Rh4 39. R6f5 Qe7 40. Rxg5+ Rxg5 41. Kxh4 Rg6+ 42. Kg3 Bd7 43. Qc3+ f6 44. Rf4 Qe5 1/2-1/2

[Event "GER-chB Seniors 26th"]
[Site "Bad Neuenahr"]
[Date "2014.08.07"]
[Round "3"]
[White "Scholtyssek, Werner"]
[Black "Kirchhof, Manfred"]
[Result "0-1"]
[WhiteElo "1781"]
[BlackElo "1559"]
[PlyCount "76"]
[EventDate "2014.08.05"]
[EventType "swiss"]
[EventRounds "9"]
[EventCountry "GER"]
[SourceTitle "EXT 2018"]
[Source "ChessBase"]
[SourceDate "2017.10.13"]
[SourceVersion "1"]
[SourceVersionDate "2017.10.13"]
[SourceQuality "1"]

1. e4 c5 2. Nf3 d6 3. d4 cxd4 4. Nxd4 Nf6 5. Nc3 a6 6. Bc4 e6 7. Qe2 b5 8. Bd3 Qc7 9. 0-0 Be7 10. Be3 0-0 11. f4 Nbd7 12. Rac1 Bb7 13. Nf3 Nc5 14. Bd4 Nxd3 15. cxd3 Qb8 16. Rc2 Nd7 17. Rfc1 Rc8 18. b4 h6 19. a3 Bd8 20. Qf2 Rc6 21. Qg3 Bf6 22. e5 dxe5 23. fxe5 Bd8 24. Be3 Kh8 25. d4 Bb6 26. Qh4 Qg8 27. Qf2 Rac8 28. Qd2 Rc4 29. Kf1 Bxf3 30. gxf3 Rd8 31. Ne2 Nxe5 32. Kf2 f5 33. h3 g5 34. Rxc4 Nxc4 35. Qc3 Qg7 36. a4 f4 37. Nxf4 gxf4 38. Bxf4 Bxd4+ 0-1

[Event "GER-chB Seniors 26th"]
[Site "Bad Neuenahr"]
[Date "2014.08.05"]
[Round "1"]
[White "Papenkordt, Karl Hermann"]
[Black "Kirchhof, Manfred"]
[Result "1-0"]
[WhiteElo "1850"]
[BlackElo "1559"]
[PlyCount "97"]
[EventDate "2014.08.05"]
[EventType "swiss"]
[EventRounds "9"]
[EventCountry "GER"]
[SourceTitle "EXT 2018"]
[Source "ChessBase"]
[SourceDate "2017.10.13"]
[SourceVersion "1"]
[SourceVersionDate "2017.10.13"]
[SourceQuality "1"]

1. c4 e5 2. Nc3 Nf6 3. Nf3 Nc6 4. a3 a6 5. e3 d6 6. g3 b6 7. Bg2 Bb7 8. 0-0 Rb8 9. d4 Nd7 10. Nd5 Ne7 11. Nc3 g6 12. d5 Bg7 13. e4 0-0 14. Be3 Kh8 15. Qd2 Ng8 16. Rfd1 Ndf6 17. h3 h6 18. b4 Nd7 19. Rac1 Kh7 20. Qc2 Rc8 21. Na4 Qe7 22. c5 bxc5 23. bxc5 Ba8 24. Qd3 Nb8 25. Nd2 Qd7 26. c6 Qe7 27. Nc3 f5 28. exf5 Rxf5 29. Be4 Rcf8 30. Bxf5 Rxf5 31. Nde4 Rh5 32. Kg2 Nf6 33. Nxf6+ Bxf6 34. Ne4 Rf5 35. g4 Rg5 36. Rb1 Nxc6 37. Nxg5+ Bxg5 38. Bxg5 Qxg5 39. dxc6 Bxc6+ 40. f3 h5 41. Qd2 Qf6 42. Rf1 e4 43. Kg1 exf3 44. Rbc1 Be4 45. Rxc7+ Kg8 46. Qb4 Qd8 47. Rfc1 f2+ 48. Kxf2 Qf6+ 49. Ke1 1-0

[Event "Bad Wiessee Seniors op"]
[Site "Bad Wiessee"]
[Date "2012.04.28"]
[Round "8"]
[White "Aufmwasser, Guenter"]
[Black "Kirchhof, Manfred"]
[Result "1-0"]
[WhiteElo "1598"]
[BlackElo "1299"]
[PlyCount "99"]
[EventDate "2012.04.21"]
[EventType "swiss"]
[EventRounds "9"]
[EventCountry "GER"]
[SourceTitle "EXT 2015"]
[Source "ChessBase"]
[SourceDate "2014.11.20"]
[SourceVersion "1"]
[SourceVersionDate "2014.11.20"]
[SourceQuality "1"]

1. f4 Nf6 2. Nf3 g6 3. b3 Bg7 4. Bb2 0-0 5. e3 d6 6. d4 e5 7. fxe5 Ng4 8. Qe2 dxe5 9. h3 e4 10. hxg4 exf3 11. gxf3 Re8 12. Qd3 c5 13. Kf2 Nc6 14. c3 cxd4 15. exd4 Qf6 16. Bh3 Bh6 17. Bc1 Bxc1 18. Rxc1 Qf4 19. Qf1 Bd7 20. Na3 a6 21. Nc4 Rad8 22. Re1 b5 23. Ne3 Be6 24. Rad1 Ne7 25. Qg2 Nd5 26. Nxd5 Bxd5 27. Qg3 Qf6 28. Bg2 Bc6 29. Rxe8+ Rxe8 30. Re1 Rxe1 31. Kxe1 Qe7+ 32. Qe5 Qxe5+ 33. dxe5 g5 34. Kf2 Kf8 35. Bf1 Ke7 36. Ke3 Ke6 37. f4 h6 38. fxg5 hxg5 39. Kd4 Bf3 40. Bh3 a5 41. c4 bxc4 42. bxc4 Kd7 43. Kc5 a4 44. a3 Ke6 45. Kb5 Kxe5 46. c5 Ke6 47. c6 Be2+ 48. Kb6 Ke7 49. Kb7 Kd8 50. c7+ 1-0

[Event "Bad Wiessee Seniors op"]
[Site "Bad Wiessee"]
[Date "2012.04.26"]
[Round "6"]
[White "Riegler, Markus"]
[Black "Kirchhof, Manfred"]
[Result "1/2-1/2"]
[WhiteElo "1583"]
[BlackElo "1299"]
[PlyCount "88"]
[EventDate "2012.04.21"]
[EventType "swiss"]
[EventRounds "9"]
[EventCountry "GER"]
[SourceTitle "EXT 2015"]
[Source "ChessBase"]
[SourceDate "2014.11.20"]
[SourceVersion "1"]
[SourceVersionDate "2014.11.20"]
[SourceQuality "1"]

1. b4 c6 2. Bb2 Qb6 3. a3 a5 4. c3 Qc7 5. e3 d5 6. d4 Nf6 7. Bd3 g6 8. Nd2 Bg7 9. h3 0-0 10. Ne2 e5 11. dxe5 Qxe5 12. Nf3 Qc7 13. Qc2 Re8 14. 0-0 Nbd7 15. c4 b6 16. cxd5 Nxd5 17. Bxg7 Kxg7 18. b5 c5 19. Qc4 N5f6 20. Nf4 Bb7 21. Be2 Ne5 22. Nxe5 Qxe5 23. Rad1 Rad8 24. h4 Qe4 25. Qxe4 Bxe4 26. Rxd8 Rxd8 27. Rd1 Rxd1+ 28. Bxd1 Nd5 29. Nxd5 Bxd5 30. Bc2 h6 31. f3 f6 32. Kf2 Kf7 33. e4 Be6 34. Ke3 Ke7 35. g4 g5 36. hxg5 hxg5 37. Bd1 Kd6 38. f4 Bc4 39. a4 Ba2 40. Bc2 Bc4 41. e5+ fxe5 42. fxe5+ Ke7 43. Ke4 Ke6 44. Ke3 Ke7 1/2-1/2

[Event "Bad Wiessee Seniors op"]
[Site "Bad Wiessee"]
[Date "2012.04.24"]
[Round "4"]
[White "Thonig, Manfred"]
[Black "Kirchhof, Manfred"]
[Result "1/2-1/2"]
[WhiteElo "1495"]
[BlackElo "1299"]
[PlyCount "97"]
[EventDate "2012.04.21"]
[EventType "swiss"]
[EventRounds "9"]
[EventCountry "GER"]
[SourceTitle "EXT 2015"]
[Source "ChessBase"]
[SourceDate "2014.11.20"]
[SourceVersion "1"]
[SourceVersionDate "2014.11.20"]
[SourceQuality "1"]

1. e4 d6 2. d4 Nf6 3. Nc3 g6 4. Nf3 Bg7 5. h3 0-0 6. Be2 c5 7. d5 Nbd7 8. Be3 Kh8 9. Qd2 Ng8 10. Nh2 Ndf6 11. g4 e5 12. dxe6 fxe6 13. 0-0-0 Ne8 14. f4 Qb6 15. Nf3 a6 16. f5 exf5 17. exf5 gxf5 18. gxf5 Bxf5 19. Ng5 h6 20. h4 Rd8 21. Bd3 d5 22. Bxf5 Rxf5 23. Na4 Qc6 24. Nxc5 hxg5 25. hxg5+ Nh6 26. gxh6 Be5 27. Bd4 Qf6 28. Bxe5 Qxe5 29. Qd4 Qxd4 30. Rxd4 Nd6 31. a4 Rdf8 32. Rdd1 R8f7 33. b3 Ne4 34. Nxe4 dxe4 35. Rd8+ Kh7 36. Re8 Rf4 37. Kb2 R7f6 38. Re7+ Rf7 39. Rxf7+ Rxf7 40. Re1 Re7 41. c4 Kxh6 42. Kc3 Kg5 43. b4 Kf4 44. a5 e3 45. c5 e2 46. b5 Kf3 47. c6 bxc6 48. bxc6 Kf2 49. Kd2 1/2-1/2

[Event "Bayern-ch Seniors 21st"]
[Site "Bergen"]
[Date "2009.06.26"]
[Round "7"]
[White "Ponnath, Klaus"]
[Black "Kirchhof, Manfred"]
[Result "1-0"]
[WhiteElo "1486"]
[BlackElo "1364"]
[PlyCount "75"]
[EventDate "2009.06.20"]
[EventType "swiss"]
[EventRounds "9"]
[EventCountry "GER"]
[SourceTitle "EXT 2015"]
[Source "ChessBase"]
[SourceDate "2014.11.20"]
[SourceVersion "1"]
[SourceVersionDate "2014.11.20"]
[SourceQuality "1"]

1. e4 d6 2. Nf3 g6 3. g3 Bg7 4. Bg2 Nf6 5. c3 c5 6. 0-0 0-0 7. d3 Qc7 8. h3 Nbd7 9. Re1 Re8 10. Nbd2 a6 11. Nc4 h6 12. a4 b6 13. e5 dxe5 14. Ncxe5 Bb7 15. d4 Nxe5 16. dxe5 Rad8 17. Qe2 Nh7 18. e6 f5 19. Bf4 Qc6 20. Nh4 Qc8 21. Bxb7 Qxb7 22. Nxg6 Nf8 23. Nh4 Rd5 24. Qh5 Qc8 25. Qf7+ Kh7 26. Nxf5 Rxf5 27. Qxf5+ Kh8 28. Rad1 Rd8 29. Rxd8 Qxd8 30. g4 b5 31. axb5 axb5 32. h4 b4 33. cxb4 cxb4 34. Kg2 Bxb2 35. Bxh6 Qa8+ 36. Kh3 Qa3+ 37. Re3 Qa8 38. Qxf8+ 1-0